000 00862cab a22002415a 4500
001 L156250
008 120509e20120505xxk 000 0 eng d
035 _a(Sirsi) u156250
041 0 _aeng
100 1 _aBryan, Yvette
245 0 0 _aBeyond the Government U-turn
260 _c2012
490 _aEstates Gazette
_v(1218) 5 May 2012, 98-99(2)
520 _aA Mainly for Students article discussing recent developments in pre-pack administrations and implications for landlords. Refers to recent case law.
590 _aKA
650 2 4 _aLEISURE (NORWICH) II LTD V LUMINAR LAVA IGNITE LTD (IN ADMINISTRATION)
650 2 4 _aGOLDACRE (OFFICES) LTD V NORTEL NETWORKS UK LTD
650 2 4 _aMOURANT & CO LTD V SIXTY UK LTD (IN ADMINISTRATION)
651 4 _aUnited Kingdom
690 _aCommercial property
_96227
700 1 _aLevy, Nicholas
942 _n0
999 _c83976
_d83976